| 000 | 00446 a2200157 4500 | ||
|---|---|---|---|
| 999 |
_c12388 _d12388 |
||
| 003 | OSt | ||
| 005 | 20240117104034.0 | ||
| 008 | 240117b ||||| |||| 00| 0 eng d | ||
| 020 | _a9788192819402 | ||
| 082 | _a720.924 | ||
| 100 | _aM.N. Ashish Ganju | ||
| 245 | _aThe Discovery of Architecture A Contemporary Treatise on Ancient Values and Indigenous Reality | ||
| 260 |
_bGHREHA Publications _c2013 |
||
| 700 | _aNarendra Dengle | ||
| 942 | _2ddc | ||